000 00471nam a2200181 a 4500
001 1770453313444
003 YourLibrary
005 20260207140846.0
008 260207s2001##################000#0#eng##
020 _a9780684871714
082 0 4 _a332.6
_bBUF
100 1 _aBuffett, Mary,
_eauthor.
245 1 0 _aThe Buffettology Workbook :
260 _bScribner,
_c2001.
650 0 _aBusiness & Economics.
942 _cENGLISH
040 _aYourLibrary
_beng
_cYourLibrary
999 _c611099
_d611099